<?xml version="1.0" encoding="UTF-8"?>
<record
    xmlns:xsi="http://www.w3.org/2001/XMLSchema-instance"
    xsi:schemaLocation="http://www.loc.gov/MARC21/slim http://www.loc.gov/standards/marcxml/schema/MARC21slim.xsd"
    xmlns="http://www.loc.gov/MARC21/slim">

  <leader>01439cam a2200397   4500</leader>
  <datafield tag="999" ind1=" " ind2=" ">
    <subfield code="c">23553</subfield>
    <subfield code="d">23553</subfield>
  </datafield>
  <controlfield tag="001">vtls011991979</controlfield>
  <controlfield tag="005">20230822071447.0</controlfield>
  <controlfield tag="008">220509s2020    xo     gr     000 f slo  </controlfield>
  <datafield tag="020" ind1=" " ind2=" ">
    <subfield code="a">9788022022071</subfield>
    <subfield code="q">(viazan&#xE9;)</subfield>
  </datafield>
  <datafield tag="035" ind1=" " ind2=" ">
    <subfield code="a">urn:nbn:sk:snk-am00gkxd</subfield>
  </datafield>
  <datafield tag="035" ind1=" " ind2=" ">
    <subfield code="a">urn:nbn:sk:snk-am3j6uh</subfield>
  </datafield>
  <datafield tag="035" ind1=" " ind2=" ">
    <subfield code="a">8880A181-1CA3-4317-B897-CE39D364A957</subfield>
  </datafield>
  <datafield tag="040" ind1=" " ind2=" ">
    <subfield code="a">TVZK</subfield>
    <subfield code="b">slo</subfield>
    <subfield code="c">TVZK</subfield>
    <subfield code="e">rda</subfield>
  </datafield>
  <datafield tag="041" ind1="1" ind2=" ">
    <subfield code="a">slo</subfield>
    <subfield code="h">eng</subfield>
  </datafield>
  <datafield tag="044" ind1=" " ind2=" ">
    <subfield code="a">xo</subfield>
    <subfield code="c">SK</subfield>
  </datafield>
  <datafield tag="072" ind1=" " ind2="7">
    <subfield code="a">821.11</subfield>
    <subfield code="x">Germ&#xE1;nske literat&#xFA;ry</subfield>
    <subfield code="2">konspekt</subfield>
  </datafield>
  <datafield tag="080" ind1=" " ind2=" ">
    <subfield code="a">821.113.5-31</subfield>
    <subfield code="2">2011</subfield>
  </datafield>
  <datafield tag="080" ind1=" " ind2=" ">
    <subfield code="a">(0:82-312.4)</subfield>
    <subfield code="2">2011</subfield>
  </datafield>
  <datafield tag="100" ind1="1" ind2=" ">
    <subfield code="a">Dahl, Alex,</subfield>
    <subfield code="d">1982-</subfield>
    <subfield code="4">aut</subfield>
    <subfield code="9">2133</subfield>
  </datafield>
  <datafield tag="240" ind1="1" ind2="4">
    <subfield code="a">The Heart Keeper</subfield>
    <subfield code="l">Slovensky</subfield>
  </datafield>
  <datafield tag="245" ind1="1" ind2=" ">
    <subfield code="a">Diev&#x10D;a s cudz&#xED;m srdcom</subfield>
    <subfield code="c">Alex Dahl ; z anglick&#xE9;ho origin&#xE1;lu The Heart Keeper ... prelo&#x17E;ila Lenka Cinkov&#xE1;</subfield>
  </datafield>
  <datafield tag="246" ind1="1" ind2=" ">
    <subfield code="i">Ob&#xE1;lkov&#xFD; podn&#xE1;zov:</subfield>
    <subfield code="a">Aby tvoje die&#x165;a mohlo &#x17E;i&#x165;, jej dc&#xE9;ra mus&#xED; zomrie&#x165;</subfield>
  </datafield>
  <datafield tag="264" ind1=" " ind2="1">
    <subfield code="a">Bratislava</subfield>
    <subfield code="b">Slovensk&#xFD; spisovate&#x13E;</subfield>
    <subfield code="c">2020</subfield>
  </datafield>
  <datafield tag="300" ind1=" " ind2=" ">
    <subfield code="a">367 str&#xE1;n</subfield>
    <subfield code="c">20 cm</subfield>
  </datafield>
  <datafield tag="336" ind1=" " ind2=" ">
    <subfield code="a">text</subfield>
    <subfield code="b">txt</subfield>
    <subfield code="2">rdacontent</subfield>
  </datafield>
  <datafield tag="337" ind1=" " ind2=" ">
    <subfield code="a">bez m&#xE9;dia</subfield>
    <subfield code="b">n</subfield>
    <subfield code="2">rdamedia</subfield>
  </datafield>
  <datafield tag="338" ind1=" " ind2=" ">
    <subfield code="a">zv&#xE4;zok</subfield>
    <subfield code="b">nc</subfield>
    <subfield code="2">rdacarrier</subfield>
  </datafield>
  <datafield tag="500" ind1=" " ind2=" ">
    <subfield code="a">Obsahuje biografick&#xE9; &#xFA;daje o autorke na z&#xE1;lo&#x17E;ke prebalu publik&#xE1;cie</subfield>
  </datafield>
  <datafield tag="650" ind1="0" ind2="7">
    <subfield code="a">n&#xF3;rske rom&#xE1;ny</subfield>
    <subfield code="2">SNKPH</subfield>
    <subfield code="9">3728</subfield>
  </datafield>
  <datafield tag="655" ind1=" " ind2="7">
    <subfield code="a">trilery (rom&#xE1;ny)</subfield>
    <subfield code="2">SNKPH</subfield>
    <subfield code="9">2135</subfield>
  </datafield>
  <datafield tag="655" ind1=" " ind2="7">
    <subfield code="a">Norwegian fiction</subfield>
    <subfield code="2">SNKPHeng</subfield>
    <subfield code="9">2136</subfield>
  </datafield>
  <datafield tag="655" ind1=" " ind2="7">
    <subfield code="a">Thrillers (novels)</subfield>
    <subfield code="2">SNKPHeng</subfield>
    <subfield code="9">1722</subfield>
  </datafield>
  <datafield tag="700" ind1="1" ind2=" ">
    <subfield code="a">Cinkov&#xE1;, Lenka,</subfield>
    <subfield code="d">1987-</subfield>
    <subfield code="4">trl</subfield>
    <subfield code="9">2137</subfield>
  </datafield>
  <datafield tag="958" ind1=" " ind2=" ">
    <subfield code="a">LX</subfield>
  </datafield>
  <datafield tag="958" ind1=" " ind2=" ">
    <subfield code="a">UP</subfield>
  </datafield>
  <datafield tag="952" ind1=" " ind2=" ">
    <subfield code="0">0</subfield>
    <subfield code="1">0</subfield>
    <subfield code="2">udc</subfield>
    <subfield code="4">0</subfield>
    <subfield code="7">0</subfield>
    <subfield code="8">K</subfield>
    <subfield code="a">10000</subfield>
    <subfield code="b">10000</subfield>
    <subfield code="d">2023-08-22</subfield>
    <subfield code="g">9.00</subfield>
    <subfield code="i">21882</subfield>
    <subfield code="l">2</subfield>
    <subfield code="o">B10632</subfield>
    <subfield code="p">B10632</subfield>
    <subfield code="r">2023-11-22</subfield>
    <subfield code="s">2023-10-18</subfield>
    <subfield code="w">2023-08-22</subfield>
    <subfield code="y">KLDO</subfield>
  </datafield>
</record>
